| 000 | 00727nam a22002297a 4500 | ||
|---|---|---|---|
| 003 | DO-SdBNP | ||
| 005 | 20210914101740.0 | ||
| 007 | ta | ||
| 008 | 210914e2010 dr a|||gr|||| 001 0 spa d | ||
| 020 | _a978061539961-4 | ||
| 040 |
_aDO-SdBNP _bBNPHU _cspa |
||
| 082 | _bF954s | ||
| 100 | 1 |
_aFuente, Santiago, de la _979866 |
|
| 245 |
_aSe buscan realizadores para una Dominicana mejor / _cSantiago de la Fuente; Juan Manuel Prida Busto, ed. |
||
| 260 |
_aEstados Unidos de América : _bLoyolAcción, _c2010 |
||
| 300 |
_a455 p.: _bil.; _c22 cm |
||
| 490 |
_aLoyolAcción; _v73 |
||
| 590 | _aInventariado 2021 / MF | ||
| 700 | 1 | 2 |
_aPrida Busto, Juan Manuel, _eed. _96614 |
| 830 |
_aLoyolAcción; _n73 _979867 |
||
| 942 |
_2ddc _cLBS1 |
||
| 999 |
_c50495 _d50495 |
||